Double Letter Geography - Statistics

General Stats
  • This quiz has been taken 39 times
  • The average score is 6 of 11
Answer Stats
Double Letters Countries % Correct
CC Morocco
94%
Russia
74%
PP Philippines
71%
LL Seychelles
66%
OO Cameroon
63%
EE Greece
63%
Andorra
60%
Marshall Islands
49%
TT Saint Kitts and Nevis
37%
RR Sierra Leone
37%
SS Guinea-Bissau
34%
No matching quizzes found
Score Distribution
Percent of People with Each Score
Percentile by Number Answered
Your Score History
You have not taken this quiz